000 00933nam a2200313 i 4500
003 EG-GICUC
005 20260121101733.0
008 260118s1954 uk a|||fr|||| 001 0 eng d
040 _aEG-GiCUC
_beng
_cEG-GiCUC
_dEG-GiCUC
_erda
041 _aeng
082 0 4 _221
_a341.3
_bPI . M
092 0 4 _221
099 _aLaw1 11 341.3 PI . M 1954
100 1 _aPirenne, Henri
_eAuthor.
245 1 0 _aMohammed And Charlemagne /
_cBy Henri Pirenne.
264 1 _a London :
_bGeorge Allen & Unwin Ltd,
_c1954.
300 _a293 pages,
_c24 cm
336 _2rda content
_atext
337 _2rda media
_aComputer
338 _2rda carrier
_aOnline Resource
500 _aIncludes index.
504 _aBibliography: pages 200-250.
546 _aText in English
650 1 4 _aInternational law
_2qrmak
651 1 _2qrmak
856 4 0 _uhttps://fll.law.cu.edu.eg/fulltext/bks/B11-06977.pdf
905 _a79
942 _2ddc
_cBK
_e21
_n0
999 _c57393
_d57393